000 00845nam a2200205 i 4500
001 44869
003 ES-MaACL
005 20250827095307.0
007 t|
008 030324q1945 sp ||||1| spa d
245 0 0 _aCódigo penal de 23 de diciembre de 1944 ordenado conforme a los preceptos y orientaciones de la Ley de Bases de 19 de julio de 1944 adicionado con jurisprudencia pertinente, antecedentes... /
_cpor la redacción de las Revista de los Tribunales.
250 _a1ª ed.
260 _aMadrid :
_bGóngora,
_c[1945?]
300 _a536 p. ;
_c15 cm.
490 1 _aBiblioteca de bolsillo. Códigos y leyes anotados
710 2 _aRevista de los Tribunales (Madrid)
_96444
830 0 0 _aBiblioteca de bolsillo.
_pCódigos y leyes anotados
_9182122
852 _aES-MaACL
_jA-5401
_bR.21744
999 _c44869
_d44869